| 000 | 01190nam0a2200265 4500 | ||
|---|---|---|---|
| 001 | RU\NLR\BIBL_A\022517022 | ||
| 005 | 20250806205609.0 | ||
| 035 | _a(NLR Aleph) 022517022 | ||
| 090 |
_a87820 _c87820 |
||
| 100 | _a20250409d1941 d y0rusy50 ca | ||
| 101 | 0 | _atuk | |
| 102 | _aTM | ||
| 105 | _aac z 000 y | ||
| 181 | 0 |
_ai _baxxe |
|
| 182 | 0 | _an | |
| 200 | 1 |
_aДолы дәл орта ве орта рус мектеплери үчин түркмен дилини ѳврениш китабы _dУчебник туркменского языка для русской неполной средней и средней школы _e7-нҗи клас үчин _fБекметов Г. И. ве Незифи М. Г. |
|
| 203 |
_aТекст _bвизуальный _cнепосредственный |
||
| 210 |
_aАшгабат _cТуркмендѳвлетокуб-педагогикнешр _d1941 |
||
| 215 |
_a117,[1] c. _cил., портр. _d22 |
||
| 700 | 1 |
_aБекметов _bГ. И. _4070 |
|
| 701 | 1 |
_aНезифи _bМ.Г. _gМамед Гусейнович _4070 |
|
| 942 | _cBOOK | ||
| 945 | _aРоссийская национальная библиотека | ||
| 980 | _aBV | ||